San Martín / (Record no. 179048)

MARC details
000 -LEADER
campo de control de longitud fija 00776nam a2200217 i 4500
001 - NÚMERO DE CONTROL
campo de control 179048
003 - IDENTIFICADOR DE NÚMERO DE CONTROL
campo de control ES-MaACL
005 - FECHA Y HORA DE LA ÚLTIMA TRANSACCIÓN
campo de control 20251118145153.0
008 - DATOS DE LONGITUD FIJA--INFORMACIÓN GENERAL
campo de control de longitud fija 110824s1913 ag |||| | spa d
080 ## - NÚMERO DE LA CLASIFICACIÓN DECIMAL UNIVERSAL
Número de la Clasificación Decimal Universal 929 San Martín, José de
100 1# - ENTRADA PRINCIPAL--NOMBRE DE PERSONA
Nombre de persona Mantilla, Manuel Florencio.
9 (RLIN) 147732
245 10 - MENCIÓN DEL TÍTULO
Título San Martín /
Mención de responsabilidad, etc. por Manuel F. Mantilla ; prólogo y adaptación de Enrique Richard Lavalle.
260 ## - PUBLICACIÓN, DISTRIBUCIÓN, ETC.
Lugar de publicación, distribución, etc. Buenos Aires :
Nombre del editor, distribuidor, etc. Cabaut,
Fecha de publicación, distribución, etc. 1913.
300 ## - DESCRIPCIÓN FÍSICA
Extensión VI, 170 p. ;
Dimensiones 18 cm.
490 1# - MENCIÓN DE SERIE
Mención de serie Biblioteca de mayo. Nuestros hombres ;
Designación de volumen o secuencia 6
600 14 - PUNTO DE ACCESO ADICIONAL DE MATERIA--NOMBRE DE PERSONA
Nombre de persona San Martín, José de,
Fechas asociadas al nombre 1778-1850
9 (RLIN) 102261
700 1# - ENTRADA AGREGADA--NOMBRE PERSONAL
Nombre de persona Lavalle, Enrique Richard.
9 (RLIN) 147729
830 00 - PUNTO DE ACCESO ADICIONAL DE SERIE-TÍTULO UNIFORME
Título uniforme Biblioteca de mayo.
Nombre de parte o sección de la obra Nuestros hombres
Designación de volumen o secuencia 6
9 (RLIN) 191054
852 ## - LOCALIZACIÓN
Ubicación ES-MaACL
Número de control de estantería D-1897
Holdings
Estatus retirado Estado de pérdida Estado de daño No para préstamo Biblioteca de origen Biblioteca actual Ubicación en estantería Fecha de adquisición Fuente de adquisición Total de préstamos Signatura topográfica completa Código de barras Visto por última vez Precio de reemplazo Tipo de ítem Koha
        Biblioteca del Ateneo de Madrid Biblioteca del Ateneo de Madrid Sala Valle Inclán 24/08/2011     D-1897 901188078 23/02/2023 23/02/2023 Libro impreso